LDR 01092naa#a2200217#i#450# 001 RU\\bibl\125471 005 20260630004344.2 011 ## _a2077-7566 100 ## _a20260629b2026####ek#y0rusy0150####ca 101 0# _aRUS 102 ## _aRU 200 1# _aКИНЕТИКА РОСТА STREPTOCOCCUS SALIVARIUS В РАЗЛИЧНЫХ ПИТАТЕЛЬНЫХ СРЕДАХ И ОЦЕНКА ЕГО ПРОБИОТИЧЕСКОГО ПОТЕНЦИАЛА ДЛЯ СТОМАТОЛОГИИ _eЖурнальная статья 210 1# _aЕкатеринбург _cИздательский Дом «ТИРАЖ» _d2026 215 ## _a5 с. 608 ## _aЖурнальная статья _2local 675 ## _aСтоматология. Заболевания ротовой полости и зубов. 616.31 _zRUS 700 #1 _aШулятникова _gОксана Александровна 700 #1 _aГодовалов _gАнатолий Петрович 700 #1 _aЯковлев _gМихаил Владимирович 700 #1 _aПантелеев _gДанил Станиславович 856 4# _adental-press.ru _u